| 000 | 00379nam a2200145Ia 4500 | ||
|---|---|---|---|
| 008 | 230312s9999||||xx |||||||||||||| ||und|| | ||
| 020 | _a81-203-4386-3 | ||
| 082 |
_a621.382 _bSOL-S |
||
| 100 | _aSolanki;Chetan.Singh | ||
| 245 | 0 | _aSolar Photovoltaics | |
| 260 |
_bPHI Learning _aIndia _c2013 |
||
| 300 | _a478 | ||
| 650 |
_aEngineering _vEnergy Science/Engineering |
||
| 942 | _cBK | ||
| 999 |
_c10388 _d10388 |
||